• 首页
  • 本馆介绍
  • 公告通知
  • 最新文献
  • 馆藏检索
  • 电子资源
  • 读者导购
  • 参考咨询
  • 我的图书馆
  • 登录
  • 详细信息显示
  • 放入我的书架
  • 预约/预借图书
  • 作者相关作品
  • 分类相关作品
  • 丛书相关作品
  • 出版社相关作品

书目信息

  • 表格格式
  • 工作单格式
  • 卡片格式
题名:
新编百家姓
    
 
作者: 《新编百家姓》编写委员会[编]
分册:  
出版信息: 济南   明天出版社  1995
页数: 124页
开本: 21cm
丛书名:
单 册:
中图分类: H194.1
科图分类:
主题词: 汉语--古代--启蒙读物
电子资源:
ISBN: 7-5332-2065-X
000 00591nam0 22002171 450
001 2003072953
005 20130904104406.0
010    @a7-5332-2065-X@dCNY6.00
011    @a7-5332-2065-X
100    @a20110914d1995 em y0chiy0110 ea
101 0  @achi
105    @af 000yy
106    @ar
200 1  @a新编百家姓@9Xin Bian Bai;Bo Jia;Jie Xing @f《新编百家姓》编写委员会[编]
210    @a济南@c明天出版社@d1995
215    @a124页@c图@d21cm
540 1  @a百家姓
606 0  @a汉语@z古代@j启蒙读物
690    @aH194.1@v4
801  0 @aCN@bAzMarc@c20130904
905    @aBZT@dH19@e29@f19@sH19/29
    
    新编百家姓/《新编百家姓》编写委员会[编].-济南:明天出版社,1995
    124页:图;21cm
    
    
    ISBN 7-5332-2065-X:CNY6.00
    
●
相关链接 在五车中查询图书 在当当中查询图书 在豆瓣中查询图书


正题名:新编百家姓     索取号:H19/29         预约/预借

序号 登录号 条形码 馆藏地/架位号 状态 备注
1 2000048113   2000048113   旧书回溯/ [索取号:H19/29] 在馆    
2 2000049307   2000049307   旧书回溯/ [索取号:H19/29] 在馆    
3 2000049348   2000049348   旧书回溯/ [索取号:H19/29] 在馆    
4 2000101138   2000101138   旧书回溯/ [索取号:H19/29] 在馆    
5 2000101157   2000101157   旧书回溯/ [索取号:H19/29] 在馆    
6 2000101158   2000101158   旧书回溯/ [索取号:H19/29] 在馆    
7 2000101159   2000101159   旧书回溯/ [索取号:H19/29] 在馆    
8 2000101160   2000101160   旧书回溯/ [索取号:H19/29] 在馆    
9 2000101161   2000101161   旧书回溯/ [索取号:H19/29] 在馆    
10 2000101162   2000101162   旧书回溯/ [索取号:H19/29] 在馆    
11 2000101163   2000101163   旧书回溯/ [索取号:H19/29] 在馆    
12 2000101164   2000101164   旧书回溯/ [索取号:H19/29] 在馆    
13 2000101165   2000101165   旧书回溯/ [索取号:H19/29] 在馆    
14 2000101166   2000101166   旧书回溯/ [索取号:H19/29] 在馆    
15 2000101167   2000101167   旧书回溯/ [索取号:H19/29] 在馆    
16 2000101168   2000101168   旧书回溯/ [索取号:H19/29] 在馆    
17 2000101169   2000101169   旧书回溯/ [索取号:H19/29] 在馆    
18 2000101170   2000101170   旧书回溯/ [索取号:H19/29] 在馆    
19 2000147844   2000147844   旧书回溯/ [索取号:H19/29] 在馆    
山东省滨州职业学院图书馆 欢迎您!
大连网信软件有限公司© 版权所有